000 00960nam0a2200241 4500
001 RU\NLR\BIBL_A\012103824
005 20250627113858.0
035 _a(NLR Aleph) 012103824
090 _a13297187
_c13297187
100 _a20190930d1961 |||y0rusy50 ca
101 1 _aady
_crus
102 _aRU
105 _aa z 000 y
200 1 _aЛенимным игущыI
_eрассказхэр
_fС. Мирер
_gзэзыдзэкIыгъэр С. Теуцожь
210 _aМыекъуапэ
_cАдыгэ тхылъ тедзапI
_d1961
215 _a158 с.
_cил.
_d22
541 1 _6z01790
_aЛенинское слово
_zrus
700 1 _4070
_7ca
_8rus
_aМирер
_bС. А.
_f1949-
_gСергей Александрович
_9166412
_3RU\NLR\AUTH\770166459
790 1 _4070
_7ca
_8rus
_aМирер
_bС. А.
_f1949-
_gСергей Александрович
_9166412
_3RU\NLR\AUTH\770166459
852 _aNLR
_bОНЛ
_jАдыг./3-749
942 _cBOOK
980 _aNB